<?xml version="1.0" encoding="UTF-8"?>
<record
    xmlns:xsi="http://www.w3.org/2001/XMLSchema-instance"
    xsi:schemaLocation="http://www.loc.gov/MARC21/slim http://www.loc.gov/standards/marcxml/schema/MARC21slim.xsd"
    xmlns="http://www.loc.gov/MARC21/slim">

  <leader>00732nam a22001577a 4500</leader>
  <controlfield tag="003">OSt</controlfield>
  <controlfield tag="005">20150927100245.0</controlfield>
  <controlfield tag="008">150927b        xxu||||| |||| 00| 0 eng d</controlfield>
  <datafield tag="040" ind1=" " ind2=" ">
    <subfield code="c">RUA</subfield>
  </datafield>
  <datafield tag="082" ind1=" " ind2=" ">
    <subfield code="a">AGR TOU 2013 B057 Or.1</subfield>
  </datafield>
  <datafield tag="100" ind1=" " ind2=" ">
    <subfield code="9">1404</subfield>
    <subfield code="a">TOUN, SEREY OUDOM.</subfield>
  </datafield>
  <datafield tag="245" ind1=" " ind2=" ">
    <subfield code="a">Comparison of different animal manure fertilizers and biocin f on chinese chives at kosh anlong chen district kandal province, &#x1794;&#x17D2;&#x179A;&#x17C0;&#x1794;&#x1792;&#x17C0;&#x1794;&#x1794;&#x17D2;&#x179A;&#x1797;&#x17C1;&#x1791;&#x1787;&#x17B8;&#x179B;&#x17B6;&#x1798;&#x1780;&#x1795;&#x17D2;&#x179F;&#x17C1;&#x1784;&#x17D7;&#x1782;&#x17D2;&#x1793;&#x17B6; &#x1793;&#x17B7;&#x1784;&#x1787;&#x17B8;BIOCIN F &#x178A;&#x17C6;&#x178E;&#x17B6;&#x17C6;&#x1782;&#x17BC;&#x1786;&#x17B6;&#x1799;&#x179F;&#x17D2;&#x179B;&#x17B9;&#x1780;&#x1793;&#x17C5;&#x1780;&#x17C4;&#x17C7;&#x17A2;&#x1793;&#x17D2;&#x179B;&#x17BB;&#x1784;&#x1785;&#x17B7;&#x1793; &#x1781;&#x17C1;&#x178F;&#x17D2;&#x178F;&#x1780;&#x178E;&#x17D2;&#x178F;&#x17B6;&#x179B;</subfield>
  </datafield>
  <datafield tag="260" ind1=" " ind2=" ">
    <subfield code="a">Phnom Penh</subfield>
    <subfield code="b">RUA</subfield>
    <subfield code="c">2013</subfield>
  </datafield>
  <datafield tag="300" ind1=" " ind2=" ">
    <subfield code="a">xi; 41p.</subfield>
    <subfield code="b">ill.</subfield>
    <subfield code="c">29cm.</subfield>
  </datafield>
  <datafield tag="942" ind1=" " ind2=" ">
    <subfield code="2">ddc</subfield>
    <subfield code="c">AGR</subfield>
  </datafield>
  <datafield tag="999" ind1=" " ind2=" ">
    <subfield code="c">1319</subfield>
    <subfield code="d">1319</subfield>
  </datafield>
  <datafield tag="952" ind1=" " ind2=" ">
    <subfield code="0">0</subfield>
    <subfield code="1">0</subfield>
    <subfield code="2">ddc</subfield>
    <subfield code="4">0</subfield>
    <subfield code="6">AGR_TOU_2013_000000000000000_B057_OR_1</subfield>
    <subfield code="7">0</subfield>
    <subfield code="9">5714</subfield>
    <subfield code="a">LBB</subfield>
    <subfield code="b">LBB</subfield>
    <subfield code="c">B057</subfield>
    <subfield code="d">2015-09-27</subfield>
    <subfield code="l">1</subfield>
    <subfield code="o">AGR TOU 2013 B057 Or.1</subfield>
    <subfield code="p">RUA006370</subfield>
    <subfield code="r">2020-10-20</subfield>
    <subfield code="s">2020-10-09</subfield>
    <subfield code="w">2015-09-27</subfield>
    <subfield code="y">AGR</subfield>
  </datafield>
  <datafield tag="952" ind1=" " ind2=" ">
    <subfield code="0">0</subfield>
    <subfield code="1">0</subfield>
    <subfield code="2">ddc</subfield>
    <subfield code="4">0</subfield>
    <subfield code="6">AGR_TOU_2013_000000000000000_B057_OR_2</subfield>
    <subfield code="7">0</subfield>
    <subfield code="9">5715</subfield>
    <subfield code="a">LBB</subfield>
    <subfield code="b">LBB</subfield>
    <subfield code="c">B057</subfield>
    <subfield code="d">2015-09-27</subfield>
    <subfield code="l">1</subfield>
    <subfield code="m">2</subfield>
    <subfield code="o">AGR TOU 2013 B057 Or.2</subfield>
    <subfield code="p">RUA005578</subfield>
    <subfield code="r">2016-09-14</subfield>
    <subfield code="s">2016-07-22</subfield>
    <subfield code="w">2015-09-27</subfield>
    <subfield code="y">AGR</subfield>
  </datafield>
  <datafield tag="952" ind1=" " ind2=" ">
    <subfield code="0">0</subfield>
    <subfield code="1">0</subfield>
    <subfield code="2">ddc</subfield>
    <subfield code="4">0</subfield>
    <subfield code="6">AGR_TOU_2013_000000000000000_B057_OR_3</subfield>
    <subfield code="7">0</subfield>
    <subfield code="9">5716</subfield>
    <subfield code="a">LBB</subfield>
    <subfield code="b">LBB</subfield>
    <subfield code="c">B057</subfield>
    <subfield code="d">2015-09-27</subfield>
    <subfield code="l">3</subfield>
    <subfield code="o">AGR TOU 2013 B057 Or.3</subfield>
    <subfield code="p">RUA005505</subfield>
    <subfield code="r">2017-02-06</subfield>
    <subfield code="s">2017-02-06</subfield>
    <subfield code="w">2015-09-27</subfield>
    <subfield code="y">AGR</subfield>
  </datafield>
  <datafield tag="952" ind1=" " ind2=" ">
    <subfield code="0">0</subfield>
    <subfield code="1">0</subfield>
    <subfield code="2">ddc</subfield>
    <subfield code="4">0</subfield>
    <subfield code="6">AGR_TOU_2013_000000000000000_B057_OR_4</subfield>
    <subfield code="7">0</subfield>
    <subfield code="9">5717</subfield>
    <subfield code="a">LBB</subfield>
    <subfield code="b">LBB</subfield>
    <subfield code="c">B057</subfield>
    <subfield code="d">2015-09-27</subfield>
    <subfield code="l">2</subfield>
    <subfield code="o">AGR TOU 2013 B057 Or.4</subfield>
    <subfield code="p">RUA005839</subfield>
    <subfield code="r">2016-08-01</subfield>
    <subfield code="s">2016-06-24</subfield>
    <subfield code="w">2015-09-27</subfield>
    <subfield code="y">AGR</subfield>
  </datafield>
  <datafield tag="952" ind1=" " ind2=" ">
    <subfield code="0">0</subfield>
    <subfield code="1">0</subfield>
    <subfield code="2">ddc</subfield>
    <subfield code="4">0</subfield>
    <subfield code="6">AGR_TOU_2013_000000000000000_B057_OR_5</subfield>
    <subfield code="7">0</subfield>
    <subfield code="9">5718</subfield>
    <subfield code="a">LBB</subfield>
    <subfield code="b">LBB</subfield>
    <subfield code="c">B057</subfield>
    <subfield code="d">2015-09-27</subfield>
    <subfield code="l">1</subfield>
    <subfield code="o">AGR TOU 2013 B057 Or.5</subfield>
    <subfield code="p">RUA005693</subfield>
    <subfield code="r">2016-06-21</subfield>
    <subfield code="s">2016-06-21</subfield>
    <subfield code="w">2015-09-27</subfield>
    <subfield code="y">AGR</subfield>
  </datafield>
  <datafield tag="952" ind1=" " ind2=" ">
    <subfield code="0">0</subfield>
    <subfield code="1">0</subfield>
    <subfield code="2">ddc</subfield>
    <subfield code="4">0</subfield>
    <subfield code="6">AGR_TOU_2013_000000000000000_B057_OR_6</subfield>
    <subfield code="7">0</subfield>
    <subfield code="9">5719</subfield>
    <subfield code="a">LBB</subfield>
    <subfield code="b">LBB</subfield>
    <subfield code="c">B057</subfield>
    <subfield code="d">2015-09-27</subfield>
    <subfield code="l">2</subfield>
    <subfield code="o">AGR TOU 2013 B057 Or.6</subfield>
    <subfield code="p">RUA005626</subfield>
    <subfield code="r">2017-10-24</subfield>
    <subfield code="s">2017-10-09</subfield>
    <subfield code="w">2015-09-27</subfield>
    <subfield code="y">AGR</subfield>
  </datafield>
  <datafield tag="952" ind1=" " ind2=" ">
    <subfield code="0">0</subfield>
    <subfield code="1">0</subfield>
    <subfield code="2">ddc</subfield>
    <subfield code="4">0</subfield>
    <subfield code="6">AGR_TOU_2013_000000000000000_B057_OR_7</subfield>
    <subfield code="7">0</subfield>
    <subfield code="9">5720</subfield>
    <subfield code="a">LBB</subfield>
    <subfield code="b">LBB</subfield>
    <subfield code="c">B057</subfield>
    <subfield code="d">2015-09-27</subfield>
    <subfield code="l">6</subfield>
    <subfield code="m">1</subfield>
    <subfield code="o">AGR TOU 2013 B057 Or.7</subfield>
    <subfield code="p">RUA005408</subfield>
    <subfield code="r">2016-11-11</subfield>
    <subfield code="s">2016-10-14</subfield>
    <subfield code="w">2015-09-27</subfield>
    <subfield code="y">AGR</subfield>
  </datafield>
  <datafield tag="952" ind1=" " ind2=" ">
    <subfield code="0">0</subfield>
    <subfield code="1">0</subfield>
    <subfield code="2">ddc</subfield>
    <subfield code="4">0</subfield>
    <subfield code="6">AGR_TOU_2013_000000000000000_B057_OR_8</subfield>
    <subfield code="7">0</subfield>
    <subfield code="9">5721</subfield>
    <subfield code="a">LBB</subfield>
    <subfield code="b">LBB</subfield>
    <subfield code="c">B057</subfield>
    <subfield code="d">2015-09-27</subfield>
    <subfield code="o">AGR TOU 2013 B057 Or.8</subfield>
    <subfield code="p">RUA005840</subfield>
    <subfield code="r">2015-09-27</subfield>
    <subfield code="w">2015-09-27</subfield>
    <subfield code="y">AGR</subfield>
  </datafield>
  <datafield tag="952" ind1=" " ind2=" ">
    <subfield code="0">0</subfield>
    <subfield code="1">0</subfield>
    <subfield code="2">ddc</subfield>
    <subfield code="4">0</subfield>
    <subfield code="6">AGR_TOU_2013_000000000000000_B1_210_OR_1</subfield>
    <subfield code="7">0</subfield>
    <subfield code="9">77587</subfield>
    <subfield code="a">LBB</subfield>
    <subfield code="b">LBB</subfield>
    <subfield code="c">B1.210</subfield>
    <subfield code="d">2019-01-21</subfield>
    <subfield code="l">1</subfield>
    <subfield code="o">AGR TOU 2013 B1.210 Or.1</subfield>
    <subfield code="p">A40952</subfield>
    <subfield code="r">2023-12-19</subfield>
    <subfield code="s">2023-12-01</subfield>
    <subfield code="w">2019-01-21</subfield>
    <subfield code="y">AGR</subfield>
  </datafield>
</record>
